[Event "Eastern Asia-ch U12"]
[Site "Tornelo INT"]
[Date "2021.10.29"]
[Round "2"]
[White "Avyaya, Kumara Bhat"]
[Black "Wadhawan, Daaevik"]
[Result "1/2-1/2"]
[WhiteElo "1252"]
[BlackElo "1608"]
[PlyCount "78"]
[EventDate "2021.10.29"]
[EventType "swiss"]
[EventRounds "9"]
[EventCountry "NET"]
[SourceTitle "EXT 2023"]
[Source "ChessBase"]
[SourceDate "2022.10.05"]
[SourceVersion "1"]
[SourceVersionDate "2022.10.05"]
[SourceQuality "1"]

1. e4 c5 2. Nc3 d6 3. f4 g6 4. Nf3 Bg7 5. Bc4 Nc6 6. d3 e6 7. 0-0 Nge7 8. Qe1 0-0 9. Bb3 Nd4 10. Nxd4 Bxd4+ 11. Kh1 Bg7 12. Qg3 f5 13. Bd2 d5 14. e5 Rb8 15. Nb5 Bd7 16. Nd6 Nc8 17. Nxc8 Qxc8 18. c3 b5 19. Bc2 Bc6 20. Be3 Ba8 21. Qf2 d4 22. cxd4 c4 23. Rac1 Qd7 24. Qd2 Rfc8 25. Bd1 cxd3 26. Rxc8+ Rxc8 27. Qxd3 Be4 28. Qd2 Qd5 29. Bb3 Qd7 30. Rd1 Bd5 31. Bxd5 Qxd5 32. b3 Bf8 33. Rc1 Rxc1+ 34. Qxc1 a5 35. Qc2 Qb7 36. Bg1 Qd7 37. a4 bxa4 38. bxa4 Kf7 39. Qc4 Qb7 1/2-1/2

[Event "Eastern Asia-ch U12"]
[Site "Tornelo INT"]
[Date "2021.10.29"]
[Round "3"]
[White "Wadhawan, Daaevik"]
[Black "Jahanbakhshi, Ilya"]
[Result "1-0"]
[WhiteElo "1608"]
[BlackElo "1148"]
[PlyCount "101"]
[EventDate "2021.10.29"]
[EventType "swiss"]
[EventRounds "9"]
[EventCountry "NET"]
[SourceTitle "EXT 2023"]
[Source "ChessBase"]
[SourceDate "2022.10.05"]
[SourceVersion "1"]
[SourceVersionDate "2022.10.05"]
[SourceQuality "1"]

1. e4 e6 2. d4 d5 3. exd5 exd5 4. Nf3 c6 5. c4 Nf6 6. Nc3 Be7 7. Bd3 Bg4 8. Be3 0-0 9. h3 Bh5 10. 0-0 Re8 11. Be2 Ne4 12. Qb3 b6 13. Rac1 Nxc3 14. Rxc3 a5 15. cxd5 a4 16. Qc2 cxd5 17. Bb5 Rf8 18. Ne5 a3 19. Rc1 axb2 20. Qxb2 f6 21. Nc6 Nxc6 22. Bxc6 Ra5 23. Bd2 Ra7 24. Rb3 Bf7 25. Bf4 Bd6 26. Bxd6 Qxd6 27. Rxb6 Qf4 28. Re1 Rc8 29. Bb7 Rc4 30. Ba6 h6 31. Bxc4 dxc4 32. Rc6 Qg5 33. Qb8+ Kh7 34. Qxa7 Bd5 35. g3 Bxc6 36. Qc5 Qd2 37. Rf1 Be4 38. Qxc4 Bd3 39. Qc1 Qxa2 40. Re1 Qd5 41. Qe3 Bg6 42. g4 h5 43. Qf4 hxg4 44. hxg4 Qa5 45. Re3 Qa1+ 46. Kh2 Qa7 47. g5 fxg5 48. Qe5 Qf7 49. Rh3+ Kg8 50. Qb8+ Qf8 51. Rh8+ 1-0